Nová cesta časopis Sväzu slovenských žien

Bibliographic Details
Format: Journal
Language:Slovak
PhysicalDescription:2 zv. 35 cm
Published: Bratislava Sväz slovenských žien v Bratislave 1945-1946
Subjects:

MARC

LEADER 00000cas a2200000 a 4500
001 vtls010301734
003 SK-MaSNL
005 20260228163259.0
008 110810d19451946xo en|p 0 b0slo
040 |a SNK  |b slo  |c SNK  |e AACR2 
041 0 |a slo 
044 |a xo  |c SK 
072 7 |a 316.3  |x Globálne spoločnosti. Sociálna štruktúra. Sociálne skupiny  |2 konspekt 
072 7 |a 316.4  |x Sociálne procesy  |2 konspekt 
080 |a 316.4  |2 2001 
080 |a 050  |2 2001 
080 |a 316.346.2-055.2  |2 2001 
245 0 0 |a Nová cesta  |b časopis Sväzu slovenských žien 
260 |a Bratislava  |b Sväz slovenských žien v Bratislave  |c 1945-1946 
300 |a 2 zv.  |c 35 cm 
310 |a 1x za dva týždne 
362 0 |a Roč. I, č. 1 (29.9.1945)-roč. II, č. 22 (dec. 1946) 
500 |a Vyd. Sväz slovenských žien v Bratislave 
500 |a Tlač. Pravda, graf. a vyd. podniky v Bratislave 
500 |a Zodpovedná redaktorka: Jindra Hušková 
650 0 7 |a ženské hnutie  |2 SNKPH  |9 71383 
650 0 7 |a ženské spolky  |2 SNKPH  |9 73229 
650 0 7 |a ženy  |2 SNKPH  |9 4865 
655 7 |a záujmové časopisy  |2 SNKPH  |9 70804 
700 0 |a Hušková, Jindra,  |d 1898-1980  |4 lso  |9 161296 
710 2 |a Sväz slovenských žien  |4 pbl  |9 273564 
910 |a snk 
916 |a 1945-1946 
999 |c 9142  |d 11072 
952 |0 0  |1 0  |4 0  |7 0  |a SNK  |b SNK  |d 2023-12-05  |l 0  |o snkČSB 360/1/1945 D1  |p 17A1349335  |r 2026-02-21 19:51:11  |t č. 1-9  |w 2026-02-21  |y PREZ 
952 |0 0  |1 0  |4 0  |7 0  |8 5  |a SNK  |b SNK  |d 2011-01-20  |i snkF 2878/68  |l 0  |o snkČSB 360/2/1946 D1  |p 17A0683910  |r 2026-02-21 19:56:26  |t č. 1-22, neúplné  |w 2026-02-21  |y PREZ  |z chýba č. 8 
952 |0 0  |1 0  |4 0  |7 0  |a SNK  |b SNK  |d 2002-03-07  |f 1  |i snk129/46  |l 0  |o snkČSB 360/1/1945  |p 17A0335545  |r 2005-01-02 00:00:00  |t č. 1-9  |w 2026-02-21  |y PREZ 
952 |0 0  |1 0  |4 0  |7 0  |a SNK  |b SNK  |d 2000-09-29  |f 1  |i snk37/47  |l 0  |o snkČSB 360/2/1946  |p 17A0252741  |r 2005-01-02 00:00:00  |t č. 1-22  |w 2026-02-21  |y PREZ